<?xml version="1.0" encoding="UTF-8"?>
<marc:record xmlns:marc="http://www.loc.gov/MARC21/slim">
   <marc:leader>00000nam a2200000 a 4500</marc:leader>
   <marc:datafield ind1=" " ind2=" " tag="653">
      <marc:subfield code="a">Hitler</marc:subfield>
   </marc:datafield>
   <marc:datafield ind1=" " ind2=" " tag="653">
      <marc:subfield code="a">Zweiter Weltkrieg</marc:subfield>
   </marc:datafield>
   <marc:datafield ind1=" " ind2=" " tag="653">
      <marc:subfield code="a">ab 12</marc:subfield>
   </marc:datafield>
   <marc:datafield ind1=" " ind2=" " tag="653">
      <marc:subfield code="a">Konzentrationslager</marc:subfield>
   </marc:datafield>
   <marc:datafield ind1=" " ind2=" " tag="653">
      <marc:subfield code="a">Frankreich</marc:subfield>
   </marc:datafield>
   <marc:datafield ind1=" " ind2=" " tag="653">
      <marc:subfield code="a">Paris</marc:subfield>
   </marc:datafield>
   <marc:datafield ind1=" " ind2=" " tag="653">
      <marc:subfield code="a">DVD</marc:subfield>
   </marc:datafield>
   <marc:datafield ind1="0" ind2="0" tag="245">
      <marc:subfield code="a">Diplomatie</marc:subfield>
   </marc:datafield>
   <marc:datafield ind1=" " ind2="1" tag="264">
      <marc:subfield code="b">Koch Media</marc:subfield>
      <marc:subfield code="c">2015</marc:subfield>
   </marc:datafield>
   <marc:datafield ind1="1" ind2=" " tag="520">
      <marc:subfield code="a">Am 25. August 1944 scheint der Kampf um Frankreich entschieden. Die Zweite Französische Panzerdivision steht vor den Toren von Paris und es kann nur noch eine Frage der Zeit sein, bis die Alliierten die französische Hauptstadt aus den Klauen der Nazis befreien. Doch der deutsche Stadtkommandant Dietrich von Choltitz steht vor einer moralischen Zwickmühle: Soll er, wie von Hitler befohlen, die Stadt um jeden Preis verteidigen und wenn nötig, ganz Paris durch Minen und Bomben in Asche legen oder soll er doch kapitulieren und somit Tausende Menschen vor dem Tod retten und die historische Architektur der der französischen Hauptstadt verschonen? Der deutsche General kämpft mit seinem Gewissen und der schwedische Generalkonsul Raoul Nordling versucht mit allen diplomatischen und rhetorischen Mitteln, die Stadt vor der Zerstörung zu bewahren.</marc:subfield>
   </marc:datafield>
   <marc:datafield ind1="3" ind2=" " tag="024">
      <marc:subfield code="a">4020628896621</marc:subfield>
   </marc:datafield>
</marc:record>
